000 01646nam a22001577a 4500
999 _c514459
_d514459
008 201106b ||||| |||| 00| 0 eng d
100 _aAngrist, Josh, et al
_920849
245 _aInside job or deep impact? Extramural citations and the influence of economic scholarship
260 _aJournal of Economic Literature
300 _a58(1), Mar, 2020: p.3-52
520 _aDoes academic economic research produce material of general scientific value, or do academic economists write only for peers? Is economics scholarship uniquely insular? We address these questions by quantifying interactions between economics and other disciplines. Changes in the influence of economic scholarship are measured here by the frequency with which other disciplines cite papers in economics journals. We document a clear rise in the extramural influence of economic research, while also showing that economics is increasingly likely to reference other social sciences. A breakdown of extramural citations by economics fields shows broad field influence. Differentiating between theoretical and empirical papers classified using machine learning, we see that much of the rise in economics' extramural influence reflects growth in citations to empirical work. This growth parallels an increase in the share of empirical cites within economics. At the same time, some disciplines that primarily cite economic theory have also recently increased citations of economics scholarship.
650 _aRole of Economists; Market for Economists, Sociology of Economics
_920843
773 _aJournal of Economic Literature
906 _aROLE OF ECONOMICS
942 _cAR